00354nam a22001457a 4500003000400000008004100004082001500045100001900060245002900079250001300108260002400121300000800145650003900153700001600192OSt250117b |||||||| |||| 00| 0 eng d a615.19 JAP aJayalakshmi, B aPharmaceutical Chemistry aIst 2021 aMaduraibSatya Pub. a354 aPharmaceutical Inorganic Chemistry aMurugesh, N